000 00539nam a2200205Ia 4500
008 240509s9999 xx 000 0 und d
020 _a0008120321596
041 _aEng
082 _a005.118
082 _bS13
100 _aSCHNEIDER, D.I. :
245 3 _aAN INTRODUCTION TO PROGRAMMING USING VISUAL BASIC.NET :(With CD)
250 _a5th ed.
260 _bNew Delhi : Prentice Hall
260 _c2003
300 _a709 p.
650 _aVISUAL BASIC.NET : .NET : OBJECT ORIENTED PROGRAMMING
942 _2ddc
942 _cLBK
999 _c22162
_d22162
945 _a1
_bMadushi Gamage
_c1
_dMadushi Gamage